000 00580cam a2200205 4500
001 WB3546-03
008 000000n1999 000 0 eng u
035 _a(Sirsi) u102864
245 _aGlobal auction
260 _c1999
490 _aTimes
_v25 November 199, 22(1)
520 _aA new web site has been established in France, Nart.com, which aims to auction high value art over the internet.
590 _aWB
650 _aAuctioneering
_96218
650 _aINTERNET
650 _aINTERNET AUCTIONS
650 _aFRANCE
690 _aAuctioneering
_96218
942 _n0
999 _c61826
_d61826